2023 MLB Playoff Lineups - Statistics

General Stats
  • This quiz has been taken 85 times
  • The average score is 86 of 157
Answer Stats
Hint Hint Answer % Correct
Toronto Blue Jays 1B Vladimir Guerrero Jr.
96%
Philadelphia Phillies 1B Bryce Harper
93%
Houston Astros 2B Jose Altuve
93%
Los Angeles Dodgers C Will Smith
93%
Toronto Blue Jays SS Bo Bichette
89%
Los Angeles Dodgers 1B Freddie Freeman
89%
Houston Astros SP Justin Verlander
89%
Philadelphia Phillies DH Kyle Schwarber
89%
Houston Astros DH Yordan Alvarez
89%
Texas Rangers SS Corey Seager
85%
Baltimore Orioles 3B Gunnar Henderson
85%
Philadelphia Phillies C J.T. Realmuto
85%
Texas Rangers 2B Marcus Semien
85%
Los Angeles Dodgers 2B Mookie Betts
85%
Atlanta Braves RF Ronald Acuña Jr.
85%
Los Angeles Dodgers SP Clayton Kershaw
81%
Houston Astros SP Framber Valdez
81%
Toronto Blue Jays RF George Springer
81%
Houston Astros RF Kyle Tucker
81%
Atlanta Braves 1B Matt Olson
81%
Baltimore Orioles C Adley Rutschman
78%
Texas Rangers RF Adolis Garcia
78%
Toronto Blue Jays C Alejandro Kirk
78%
Philadelphia Phillies 2B Bryson Stott
78%
Minnesota Twins SS Carlos Correa
78%
Texas Rangers 3B Josh Jung
78%
Tampa Bay Rays RF Josh Lowe
78%
Texas Rangers 1B Nathaniel Lowe
78%
Philadelphia Phillies SS Trea Turner
78%
Baltimore Orioles DH Anthony Santander
74%
Milwaukee Brewers LF Christian Yelich
74%
Miami Marlins CF Jazz Chisholm Jr.
74%
Houston Astros SS Jeremy Peña
74%
Texas Rangers C Jonah Heim
74%
Texas Rangers SP Nathan Eovaldi
74%
Philadelphia Phillies RF Nick Castellanos
74%
Atlanta Braves SP Spencer Strider
74%
Milwaukee Brewers C William Contreras
74%
Philadelphia Phillies SP Zack Wheeler
74%
Philadelphia Phillies SP Aaron Nola
70%
Philadelphia Phillies 3B Alec Bohm
70%
Houston Astros 3B Alex Bregman
70%
Atlanta Braves 3B Austin Riley
70%
Arizona Diamondbacks 1B Christian Walker
70%
Milwaukee Brewers SP Corbin Burnes
70%
Arizona Diamondbacks RF Corbin Carroll
70%
Arizona Diamondbacks 2B Ketel Marte
70%
Los Angeles Dodgers CF Kike Hernandez
70%
Atlanta Braves SP Max Fried
70%
Atlanta Braves 2B Ozzie Albies
70%
Atlanta Braves C Travis d’Arnaud
70%
Tampa Bay Rays 1B Yandy Diaz
70%
Arizona Diamondbacks SP Zac Gallen
70%
Philadelphia Phillies LF Brandon Marsh
67%
Houston Astros 1B Jose Abreu
67%
Atlanta Braves DH Marcell Ozuna
67%
Los Angeles Dodgers 3B Max Muncy
67%
Atlanta Braves CF Michael Harris II
67%
Philadelphia Phillies SP Ranger Suarez
67%
Milwaukee Brewers SS Willy Adames
67%
Houston Astros CF Chas McCormick
63%
Milwaukee Brewers SP Freddy Peralta
63%
Philadelphia Phillies CF Johan Rojas
63%
Toronto Blue Jays SP Jose Berrios
63%
Toronto Blue Jays SP Kevin Gausman
63%
Los Angeles Dodgers SS Miguel Rojas
63%
Atlanta Braves SS Orlando Arcia
63%
Baltimore Orioles 1B Ryan Mountcastle
63%
Tampa Bay Rays SP Tyler Glasnow
63%
Toronto Blue Jays 2B Cavan Biggio
59%
Baltimore Orioles CF Cedric Mullins
59%
Los Angeles Dodgers MGR Dave Roberts
59%
Houston Astros MGR Dusty Baker
59%
Texas Rangers LF Evan Carter
59%
Arizona Diamondbacks 3B Evan Longoria
59%
Arizona Diamondbacks C Gabriel Moreno
59%
Arizona Diamondbacks SS Geraldo Perdomo
59%
Arizona Diamondbacks LF Lourdes Gurriel Jr.
59%
Houston Astros C Martin Maldonado
59%
Texas Rangers SP Max Scherzer
59%
Tampa Bay Rays LF Randy Arozarena
59%
Minnesota Twins DH Royce Lewis
59%
Baltimore Orioles SP Grayson Rodriguez
56%
Toronto Blue Jays MGR John Schneider
56%
Toronto Blue Jays 3B Matt Chapman
56%
Arizona Diamondbacks CF Alek Thomas
52%
Houston Astros SP Cristian Javier
52%
Toronto Blue Jays LF Daulton Varsho
52%
Texas Rangers CF Leody Taveras
52%
Miami Marlins 2B Luis Arraez
52%
Minnesota Twins SP Pablo Lopez
52%
Atlanta Braves MGR Brian Snitker
48%
Philadelphia Phillies SP Cristopher Sanchez
48%
Miami Marlins RF Jesus Sanchez
48%
Texas Rangers DH Mitch Garver
48%
Milwaukee Brewers 2B Brice Turang
44%
Miami Marlins LF Bryan De La Cruz
44%
Miami Marlins SP Jesus Luzardo
44%
Texas Rangers SP Jordan Montgomery
44%
Baltimore Orioles SS Jorge Mateo
44%
Tampa Bay Rays MGR Kevin Cash
44%
Minnesota Twins RF Max Kepler
44%
Arizona Diamondbacks SP Merrill Kelly
44%
Philadelphia Phillies MGR Rob Thomson
44%
Milwaukee Brewers CF Sal Frelick
44%
Baltimore Orioles MGR Brandon Hyde
41%
Texas Rangers MGR Bruce Bochy
41%
Los Angeles Dodgers LF Chris Taylor
41%
Milwaukee Brewers MGR Craig Counsell
41%
Miami Marlins 3B Jake Burger
41%
Los Angeles Dodgers RF Jason Heyward
41%
Los Angeles Dodgers DH J.D. Martinez
41%
Baltimore Orioles 2B Jordan Westburg
41%
Minnesota Twins 3B Jorge Polanco
41%
Miami Marlins 1B Josh Bell
41%
Toronto Blue Jays CF Kevin Kiermaier
41%
Minnesota Twins CF Michael A. Taylor
41%
Minnesota Twins SP Sonny Gray
41%
Milwaukee Brewers RF Tyrone Taylor
41%
Milwaukee Brewers 1B Carlos Santana
37%
Atlanta Braves LF Eddie Rosario
37%
Minnesota Twins SP Joe Ryan
37%
Houston Astros LF Michael Brantley
37%
Arizona Diamondbacks MGR Torey Lovullo
37%
Tampa Bay Rays 3B Isaac Paredes
33%
Minnesota Twins MGR Rocco Baldelli
33%
Baltimore Orioles LF Austin Hays
30%
Arizona Diamondbacks SP Brandon Pfaadt
30%
Atlanta Braves SP Bryce Elder
30%
Miami Marlins DH Jorge Soler
30%
Houston Astros SP Jose Urquidy
30%
Baltimore Orioles SP Kyle Bradish
30%
Los Angeles Dodgers SP Lance Lynn
30%
Minnesota Twins C Ryan Jeffers
30%
Tampa Bay Rays SP Zach Eflin
30%
Texas Rangers SP Andrew Heaney
26%
Minnesota Twins SP Bailey Ober
26%
Los Angeles Dodgers SP Bobby Miller
26%
Milwaukee Brewers 3B Josh Donaldson
26%
Miami Marlins MGR Skip Schumaker
26%
Minnesota Twins 2B Edouard Julien
22%
Tampa Bay Rays DH Harold Ramirez
22%
Miami Marlins C Jacob Stallings
22%
Tampa Bay Rays SS Taylor Walls
22%
Arizona Diamondbacks DH Tommy Pham
22%
Baltimore Orioles RF Aaron Hicks
19%
Toronto Blue Jays DH Brandon Belt
19%
Baltimore Orioles SP Dean Kremer
19%
Tampa Bay Rays CF Manuel Margot
19%
Minnesota Twins LF Willi Castro
19%
Tampa Bay Rays 2B Curtis Mead
15%
Tampa Bay Rays C Rene Pinto
15%
Miami Marlins SS Jon Berti
11%
Milwaukee Brewers DH Mark Canha
11%
Miami Marlins SP Braxton Garrett
7%
Minnesota Twins 1B Donovan Solano
7%
Arizona Diamondbacks SP Joe Mantiply
4%
No matching quizzes found
Score Distribution
Percent of People with Each Score
Percentile by Number Answered
Your Score History
You have not taken this quiz